000 00365 a2200157 4500
001 61829
020 _a8532906966
040 _cAnchieta - Pituba
100 _aMarques, Ângela Cristina Salgueiro
240 1 0 _aUm menino... uma menina
_lpor
245 1 0 _aUm menino... uma menina
300 _a22
362 0 _a2006
650 4 _aLiteratura juvenil
942 _cBK
999 _c61829
_d61829